000
00260nam a2200121Ia 4500
100
_a
Jones/ G.E.
942
_c
BK
654
_a
Computer
245
_a
Harward Graphics for Windows
260
_b
Galgotia
_a
New Delhi
_c
1992
546
_a
ENGLISH
999
_c
30892
_d
30892